| 000 | 00756nac a22002051u 4500 | ||
|---|---|---|---|
| 008 | 090210t xxu||||| |||| 00| 0 eng d | ||
| 020 | _a0194715728 | ||
| 020 | _a9780194715720 | ||
| 082 |
_a428.24 _bSOA _222 |
||
| 100 | 1 |
_aSoars, John, _d1951- _92160 |
|
| 245 |
_aNew Headway Plus. Pre-Intermediate Class Audio CDs/ _cJohn & Liz Soars |
||
| 246 | _aNew Headway Plus | ||
| 260 |
_aOxford: _bOxford University Press, 2006 _cc2006. |
||
| 300 |
_a2 Sound discs(137 min., 3 sec.) : _bdigital, stereo. ; _c4 3/4 in. |
||
| 650 |
_aEnglish language _xTextbooks for foreign speakers _913825 |
||
| 650 |
_aEnglish language _xGrammar -- Problems, exercises _913826 |
||
| 700 | 1 |
_aSoars, Liz _92089 |
|
| 700 |
_aHayden, Bernie _913827 |
||
| 942 |
_cCDR _k428.24 SOA _2ddc |
||
| 999 |
_c5328 _d5328 |
||